| 000 | 00362nam a22001337a 4500 | ||
|---|---|---|---|
| 020 | _a0201578859 | ||
| 040 | _cNust | ||
| 082 |
_a621.31042 _bSLE'E |
||
| 100 |
_aGordon R. Slemon _9126905 |
||
| 245 | _aElectric machines and drives | ||
| 260 |
_aNew York: _bAddison Wesley publishers, _c1992. |
||
| 650 |
_aElectric machines and drives _9126906 |
||
| 942 |
_2ddc _cBK |
||
| 999 |
_c612300 _d612300 |
||